Histoire de la révolution russe. (Record no. 105970)

MARC details
000 -LEADER
campo de control de longitud fija 00761nam a2200217 i 4500
001 - NÚMERO DE CONTROL
campo de control 105970
003 - IDENTIFICADOR DE NÚMERO DE CONTROL
campo de control ES-MaACL
007 - CAMPO FIJO DE DESCRIPCIÓN FÍSICA--INFORMACIÓN GENERAL
campo de control de longitud fija t|
008 - DATOS DE LONGITUD FIJA--INFORMACIÓN GENERAL
campo de control de longitud fija 060915s1950 fr ||||1| fre d
080 ## - NÚMERO DE LA CLASIFICACIÓN DECIMAL UNIVERSAL
Número de la Clasificación Decimal Universal 94(470)"1917/21"
100 1# - ENTRADA PRINCIPAL--NOMBRE DE PERSONA
Nombre de persona Trotsky, Leon,
Fechas asociadas al nombre 1879-1940
9 (RLIN) 240350
245 10 - MENCIÓN DEL TÍTULO
Título Histoire de la révolution russe.
Número de parte o sección de la obra , . Tome I,
Nombre de parte o sección de la obra La Révolution de février /
Mención de responsabilidad, etc. Léon Trotsky ; traduction de Maurice Parijanine.
250 ## - MENCION DE EDICION
Mención de edición Ed. nouvelle rev. et corr.
260 ## - PUBLICACIÓN, DISTRIBUCIÓN, ETC.
Lugar de publicación, distribución, etc. Paris :
Nombre del editor, distribuidor, etc. Editions du Seuil,
Fecha de publicación, distribución, etc. [1950]
300 ## - DESCRIPCIÓN FÍSICA
Extensión 437 p. ;
Dimensiones 23 cm.
500 ## - NOTA GENERAL
Nota general Biblioteca Juan Andrade.
651 #4 - PUNTO DE ACCESO ADICIONAL DE MATERIA--NOMBRE GEOGRÁFICO
Nombre geográfico Rusia-
Subdivisión general Historia-
Subdivisión cronológica 1917-1921, Revolución.
9 (RLIN) 9336
700 1# - ENTRADA AGREGADA--NOMBRE PERSONAL
Nombre de persona Parijanine, Maurice.
9 (RLIN) 89128
852 ## - LOCALIZACIÓN
Ubicación ES-MaACL
Número de control de estantería AND-976
Sublocalización o colección R.110264
Holdings
Estatus retirado Estado de pérdida Estado de daño No para préstamo Biblioteca de origen Biblioteca actual Ubicación en estantería Fecha de adquisición Fuente de adquisición Total de préstamos Signatura topográfica completa Código de barras Visto por última vez Precio de reemplazo Tipo de ítem Koha
        Biblioteca del Ateneo de Madrid Biblioteca del Ateneo de Madrid Depósito 2 17/01/2008     AND-976 1110632 23/02/2023 23/02/2023 Libro impreso